| 000 | 00928nam a22002057a 4500 | ||
|---|---|---|---|
| 003 | OSt | ||
| 005 | 20160620105641.0 | ||
| 008 | 150407b2006 slv spa | ||
| 040 | _cBMC | ||
| 082 | _a291.7375 | ||
| 100 | 1 |
_935747 _aCampos Alvarenga, Víctor Manuel de Jesús |
|
| 245 | 1 | 0 |
_aPasantía en Colegio la Santísima Trinidad, Sonsonate _b: Informe final _cVìctor Manuel de Jesùs Campos Alvarenga |
| 260 |
_aSanta Ana (El Salvador) _bUniversidad Católica de Occidente _c2006 |
||
| 300 |
_a59 h. _c28 cm _e+ 1 disco compacto |
||
| 500 | _aPrecede al tít.: Universidad Católica de El Salvador, Facultad de Ciencias y Humanidades | ||
| 502 | _aTrabajo de graduación para optar al grado académico de Licenciatura en Ciencias Religiosas | ||
| 650 | 2 | 4 |
_920316 _aEducación religiosa _vProgramas de estudio |
| 710 | 2 |
_91075 _aUniversidad Católica de El Salvador _bFacultad de Ciencias y Humanidades |
|
| 942 |
_2ddc _cTG |
||
| 999 |
_c22090 _d22090 |
||